000 00314 a2200109 4500
001 ART_31280
005 20260410161840.0
008 260409a
245 1 0 _aLa enseñanza de la contabilidad pública
100 1 _aAtchabahian, Adolfo
773 0 _tRAP
_g- Año 36, Nº 422 (nov. 2013)
_wREV5941
999 _c24017
_d24017